Statistics for Five Most Populated Cities by Autonomous Community

Click here to take the quiz!

General Stats

  • This quiz has been taken 45 times
  • The average score is 45 of 85

Answer Stats

PopulationCity% Correct
579,076Málaga
100%
681,998Seville
100%
1,636,193Barcelona
98%
344,127Bilbao
98%
673,010Zaragoza
98%
319,515Córdoba
95%
228,682Granada
95%
3,280,782Madrid
95%
415,940Palma
95%
792,492Valencia
95%
338,577Alicante
93%
462,979Murcia
90%
244,700A Coruña
88%
203,418Pamplona
88%
85,085Toledo
88%
378,797Las Palmas de Gran Canaria
85%
295,639Valladolid
83%
187,849San Sebastián
80%
120,951León
78%
215,167Oviedo
78%
50,715Ibiza
75%
171,693Santander
75%
265,444L'Hospitalet de Llobregat
73%
142,412Salamanca
73%
98,179Santiago de Compostela
73%
292,374Vigo
73%
253,672Vitoria-Gasteiz
70%
150,146Badajoz
68%
267,706Gijón
68%
173,483Burgos
65%
212,730Jerez de la Frontera
63%
59,324Mérida
60%
172,357Albacete
58%
95,456Cáceres
58%
216,961Cartagena
58%
171,857Castellón de la Plana
58%
53,305Huesca
58%
208,688Santa Cruz de Tenerife
58%
74,850Ciudad Real
55%
235,580Elche
55%
87,452Guadalajara
55%
97,211Lugo
55%
150,020Logroño
53%
35,900Teruel
53%
196,888Alcalá de Henares
50%
223,506Badalona
50%
103,756Ourense
48%
76,302Palencia
48%
224,114Terrassa
48%
186,660Leganés
43%
215,760Sabadell
43%
208,761Móstoles
40%
100,535Barakaldo
38%
76,365Getxo
38%
97,151Lorca
38%
45,352Manacor
38%
39,247Plasencia
38%
37,247Tudela
35%
75,877Avilés
33%
19,776Calatayud
33%
33,109Castro-Urdiales
33%
189,891Fuenlabrada
33%
11,634Haro
33%
157,815San Cristóbal de la Laguna
30%
83,247Talavera de la Reina
30%
102,472Telde
30%
37,310Don Benito
28%
51,142Torrelavega
28%
24,654Calahorra
25%
52,458Calvià
25%
42,630Alcantarilla
23%
15,017Arnedo
23%
82,982Arona
23%
74,762Molina de Segura
23%
85,142Torrent
23%
18,881Utebo
18%
19,537Barañáin
15%
40,548Santa Eulària des Riu
15%
51,792Siero
15%
38,262Langreo
13%
21,795Valle de Egüés
13%
15,497Zizur Mayor
13%
30,374Camargo
10%
11,094Lardero
10%
26,279Piélagos
5%

Score Distribution

Percentile by Number Answered

Percent of People with Each Score

Your Score History

You have not taken this quiz